Grafomotorické dovednosti : Nové přístupy k diagnostice.

Bibliographic Details
Main Author: Šafárová, Katarína.
Other Authors: Mekyska, Jiří., Urbánek, Tomáš., Čunek, Lukáš., Galáž, Zoltán., Mucha, Ján., Zvončák, Vojtěch., Bednářová, Jiřina.
Format: eBook
Language:Czech
Published: Brno : Masaryk University, 2022.
Edition:1st ed.
Subjects:
Online Access:Click to View
LEADER 01643nam a22004213i 4500
001 EBC7290580
003 MiAaPQ
005 20231204023229.0
006 m o d |
007 cr cnu||||||||
008 231204s2022 xx o ||||0 cze d
020 |a 9788028002572  |q (electronic bk.) 
020 |z 9788028002565 
035 |a (MiAaPQ)EBC7290580 
035 |a (Au-PeEL)EBL7290580 
040 |a MiAaPQ  |b eng  |e rda  |e pn  |c MiAaPQ  |d MiAaPQ 
100 1 |a Šafárová, Katarína. 
245 1 0 |a Grafomotorické dovednosti :  |b Nové přístupy k diagnostice. 
250 |a 1st ed. 
264 1 |a Brno :  |b Masaryk University,  |c 2022. 
264 4 |c {copy}2022. 
300 |a 1 online resource (195 pages) 
336 |a text  |b txt  |2 rdacontent 
337 |a computer  |b c  |2 rdamedia 
338 |a online resource  |b cr  |2 rdacarrier 
588 |a Description based on publisher supplied metadata and other sources. 
590 |a Electronic reproduction. Ann Arbor, Michigan : ProQuest Ebook Central, 2023. Available via World Wide Web. Access may be limited to ProQuest Ebook Central affiliated libraries.  
655 4 |a Electronic books. 
700 1 |a Mekyska, Jiří. 
700 1 |a Urbánek, Tomáš. 
700 1 |a Čunek, Lukáš. 
700 1 |a Galáž, Zoltán. 
700 1 |a Mucha, Ján. 
700 1 |a Zvončák, Vojtěch. 
700 1 |a Bednářová, Jiřina. 
776 0 8 |i Print version:  |a Šafárová, Katarína  |t Grafomotorické dovednosti  |d Brno : Masaryk University,c2022  |z 9788028002565 
797 2 |a ProQuest (Firm) 
856 4 0 |u https://ebookcentral.proquest.com/lib/matrademy/detail.action?docID=7290580  |z Click to View